000 00914nam a2200217 a 4500
008 120416s1987 ||||||||||||||||| || u
020 _a039535661X
050 _aHF 5549.5 Fre
100 _aFrench, Wendell L., 1923-
245 1 4 _aThe personnel management process: human resources administration and development. (6th ed.)
250 _a6th ed.
260 _aBoston:
_bHoughton Mifflin Co
_c1987
300 _axxiv, 685p. : ill.
350 _a0.00
650 0 _aPERSONNEL MANAGEMENT
650 _aHUMAN RESOURCES MANAGEMENT
650 _aHUMAN RESOURCE DEVELOPMENT
650 0 _aMANAGEMENT
995 _aBINDERY (DAMAGED)
_D0.00
_e724745
_FCBU-MAIN LIBRARY (Kitwe)
_H2
_I17.49
_jHF 5549.5 Fre
_UDAMAGED
_y006398
_ZMain Library Open Access Collection
995 _aMAIN LIBRARY OPEN ACCESS
_D0.00
_e724746
_FCBU-MAIN LIBRARY (Kitwe)
_H1
_I17.49
_jHF 5549.5 Fre
_M1
_UAVAILABLE
_y006399
_ZMain Library Open Access Collection
999 _c81831
_d81831